00000000nam 2200000zi 4500
0019.939982
003CaOODSP
00520240702073102
006m     o  d f      
007cr bn|||||||||
008240628t19921992onca    ob   f000 0 fre d
020 |a0662979672 |q(imprimé)
040 |aCaOODSP|bfre|erda|cCaOODSP
0410 |afre|bfre|beng
043 |an-cn---
045 |ax9x9
0861 |aEn49-9/5-4F-PDF
0861 |aEn49-5/5-4F
1001 |aJaques, A. P., |eauteur.
24510|aEstimation des émissions de gaz provoquant l'effet de serre au Canada en 1990 / |cA.P. Jaques, Protection de l'environnement, Conservation et protection, Environnement Canada.
264 1|a[Ottawa] : |bEnvironnement Canada = Environment Canada, |c1992.
264 4|c©1992
300 |a1 ressource en ligne (xxi, 80 pages) : |billustrations.
336 |atexte|btxt|2rdacontent/fre
337 |ainformatique|bc|2rdamedia/fre
338 |aressource en ligne|bcr|2rdacarrier/fre
4901 |aSerie de la protection de l'environnement
500 |aPublié aussi en anglais sous le titre : Canada's greenhouse gas emissions : estimates for 1990.
500 |a« Rapport SPE 5/AP/4, décembre 1992. »
500 |aÉdition numérisée de l'imprimé [par Environnement et changement climatique Canada].
504 |aComprend des références bibliographiques (pages 72-80).
546 |aComprend des résumés en français et en anglais.
650 6|aGaz à effet de serre|xAspect de l'environnement|zCanada.
650 6|aGaz carbonique atmosphérique|xAspect de l'environnement|zCanada.
650 6|aMéthane atmosphérique|xAspect de l'environnement|zCanada.
650 6|aOxyde azoteux atmosphérique|xAspect de l'environnement|zCanada.
650 6|aChlorofluorocarbones|xAspect de l'environnement|zCanada.
650 6|aAir|xPollution|zCanada|xMesure.
7101 |aCanada. |bEnvironnement Canada, |eorganisme de publication.
77508|tCanada's greenhouse gas emissions : |w(CaOODSP)9.939981
7760#|tEstimation des émissions de gaz provoquant l'effet de serre au Canada, 1990 / |w(CaOODSP)9.620749
830#0|aSérie de la protection de l'environnement.|w(CaOODSP)9.854306
85640|qPDF|s4.32 Mo|uhttps://publications.gc.ca/collections/collection_2024/eccc/en49/En49-9-5-4-fra.pdf